[Event "Bundesliga 1920 final"]
[Site "Karlsruhe"]
[Date "2020.09.17"]
[Round "3.1"]
[White "Caruana, Fabiano"]
[Black "Gumularz, Szymon"]
[Result "1-0"]
[WhiteElo "2835"]
[BlackElo "2518"]
[PlyCount "53"]
[EventDate "2020.09.16"]
[EventType "team-tourn"]
[EventRounds "7"]
[EventCountry "GER"]
[SourceTitle "EXT 2021"]
[Source "ChessBase"]
[SourceDate "2020.10.23"]
[SourceVersion "1"]
[SourceVersionDate "2020.10.23"]
[SourceQuality "1"]
[WhiteTeam "Baden-Baden"]
[BlackTeam "Berlin SF"]
[WhiteTeamCountry "GER"]
[BlackTeamCountry "GER"]

1. e4 g6 2. d4 Bg7 3. Nc3 d6 4. Be3 a6 5. g4 b5 6. Bg2 Bb7 7. h4 h5 8. gxh5
Rxh5 9. Bf3 Rh8 10. h5 e5 11. dxe5 Bxe5 12. hxg6 fxg6 13. Rxh8 Bxh8 14. e5 Nc6
15. Be4 Nge7 16. Qg4 Bxe5 17. Bxg6+ Nxg6 18. Qxg6+ Kd7 19. Qg4+ Ke8 20. O-O-O
Qf6 21. Nd5 Qf7 22. Nf3 Bc8 23. Qe4 Rb8 24. Ng5 Bf5 25. Nxc7+ Kd7 26. Nxf7 Bxe4
27. Nxa6 1-0

[Event "Bundesliga 1920 final"]
[Site "Karlsruhe"]
[Date "2020.09.18"]
[Round "4.1"]
[White "L'Ami, Erwin"]
[Black "Caruana, Fabiano"]
[Result "1-0"]
[WhiteElo "2620"]
[BlackElo "2835"]
[PlyCount "97"]
[EventDate "2020.09.16"]
[EventType "team-tourn"]
[EventRounds "7"]
[EventCountry "GER"]
[SourceTitle "EXT 2021"]
[Source "ChessBase"]
[SourceDate "2020.10.23"]
[SourceVersion "1"]
[SourceVersionDate "2020.10.23"]
[SourceQuality "1"]
[WhiteTeam "Solingen"]
[BlackTeam "Baden-Baden"]
[WhiteTeamCountry "GER"]
[BlackTeamCountry "GER"]

1. d4 Nf6 2. c4 e6 3. Nf3 d5 4. Nc3 h6 5. Bf4 Bb4 6. cxd5 Nxd5 7. Bd2 O-O 8. g3
Nxc3 9. bxc3 Ba5 10. g4 c5 11. Rg1 Nc6 12. dxc5 e5 13. Qc2 Re8 14. g5 g6 15.
gxh6 e4 16. Ng5 Bf5 17. O-O-O Qf6 18. Bh3 e3 19. Bxf5 exd2+ 20. Rxd2 Re5 21.
Nxf7 Qxf7 22. Bxg6 Qxf2 23. Bf7+ Kh8 24. Qg6 Rg5 25. Rxg5 Bxc3 26. Kc2 Ne7 27.
Qe4 Bf6 28. Re5 Rf8 29. e3 Qf1 30. Bc4 Qa1 31. Rxe7 Qc3+ 32. Kd1 Qa1+ 33. Kc2
Qc3+ 34. Kd1 Qa1+ 35. Ke2 Bxe7 36. Qd4+ Qxd4 37. exd4 Rf4 38. Bd5 Bf6 39. Ke3
Rh4 40. Rd3 Rh3+ 41. Kd2 Rxh2+ 42. Kc3 Kh7 43. Bxb7 Rxa2 44. Kb3 Ra1 45. c6 Bd8
46. d5 Ba5 47. d6 Rc1 48. Rd5 Bd8 49. Rd4 1-0

[Event "Bundesliga 1920 final"]
[Site "Karlsruhe"]
[Date "2020.09.19"]
[Round "5.1"]
[White "Caruana, Fabiano"]
[Black "Fressinet, Laurent"]
[Result "1/2-1/2"]
[WhiteElo "2835"]
[BlackElo "2635"]
[PlyCount "110"]
[EventDate "2020.09.16"]
[EventType "team-tourn"]
[EventRounds "7"]
[EventCountry "GER"]
[SourceTitle "EXT 2021"]
[Source "ChessBase"]
[SourceDate "2020.10.23"]
[SourceVersion "1"]
[SourceVersionDate "2020.10.23"]
[SourceQuality "1"]
[WhiteTeam "Baden-Baden"]
[BlackTeam "Werder Bremen"]
[WhiteTeamCountry "GER"]
[BlackTeamCountry "GER"]

1. e4 e5 2. Nf3 Nc6 3. Bb5 a6 4. Ba4 Nf6 5. O-O Nxe4 6. d4 Be7 7. Re1 b5 8.
Rxe4 d5 9. Nxe5 Nxe5 10. Rxe5 bxa4 11. Qf3 Be6 12. Nc3 Bf6 13. Bg5 Bxg5 14. Qh5
O-O 15. Rxg5 a3 16. b3 g6 17. Rg3 Qd6 18. Qe2 Rfe8 19. Qd2 Bd7 20. h3 Re6 21.
Re1 Rxe1+ 22. Qxe1 Re8 23. Re3 Rxe3 24. Qxe3 Bf5 25. g4 Bxc2 26. Kg2 h5 27. Qd2
Be4+ 28. f3 h4 29. Qf2 Bd3 30. Qxh4 c6 31. Qf2 Qf4 32. Nd1 Bb1 33. b4 Qc1 34.
Qe2 Bxa2 35. Qxa2 Qxd1 36. Qxa3 Qd2+ 37. Kg3 Qxd4 38. Qxa6 Qg1+ 39. Kf4 Qd4+
40. Kg3 g5 41. Kg2 Qd2+ 42. Kf1 Qc1+ 43. Ke2 Qc2+ 44. Ke3 Qc3+ 45. Ke2 Qc2+ 46.
Ke3 Qc3+ 47. Ke2 Kg7 48. Qc8 Qc2+ 49. Ke3 Qc3+ 50. Ke2 Qc2+ 51. Ke3 Qb3+ 52.
Ke2 Qc4+ 53. Kf2 Qxb4 54. Qxc6 Qd2+ 55. Kf1 Qd1+ 1/2-1/2

[Event "Chess24 October Blitz"]
[Site "chess24.com INT"]
[Date "2020.10.01"]
[Round "1"]
[White "Caruana, Fabiano"]
[Black "Adhiban, Baskaran"]
[Result "1-0"]
[WhiteElo "2828"]
[BlackElo "2659"]
[PlyCount "111"]
[EventDate "2020.10.01"]
[EventType "tourn (blitz)"]
[EventRounds "10"]
[EventCountry "GER"]
[EventCategory "19"]
[SourceTitle "EXT 2021"]
[Source "ChessBase"]
[SourceDate "2020.10.23"]
[SourceVersion "1"]
[SourceVersionDate "2020.10.23"]
[SourceQuality "1"]

1. e4 g6 2. d4 Nf6 3. Nc3 d5 4. e5 Nh5 5. Be2 Ng7 6. h4 h5 7. Nh3 Bxh3 8. Rxh3
e6 9. Bd3 Be7 10. g3 c5 11. dxc5 Bxc5 12. Qe2 Nc6 13. Bg5 Be7 14. Bxe7 Qxe7 15.
O-O-O O-O-O 16. Kb1 Kb8 17. f4 Rc8 18. Nb5 Ne8 19. Qf2 a6 20. Nd4 Nxd4 21. Qxd4
Qc5 22. Qxc5 Rxc5 23. c3 Ng7 24. Rhh1 Nf5 25. Rhg1 b5 26. a3 Ka7 27. Ka2 a5 28.
Rc1 Rhc8 29. Kb1 Kb6 30. g4 hxg4 31. Rxg4 Rh8 32. Rh1 Rcc8 33. Bxf5 exf5 34.
Rg5 Rc4 35. e6 fxe6 36. Rxg6 Re4 37. h5 b4 38. cxb4 axb4 39. a4 b3 40. h6 Rxf4
41. Rxe6+ Ka5 42. Rd6 d4 43. Rd1 Rh4 44. Rd5+ Ka6 45. Rb5 R8xh6 46. Rxb3 Re4
47. Rbd3 Rd6 48. b4 f4 49. Kc2 Kb6 50. Kb3 Re3 51. Kc4 f3 52. Rxe3 dxe3 53.
Rxd6+ Kc7 54. Rd1 e2 55. Rc1 Kd6 56. Kd3 1-0

[Event "Chess24 October Blitz"]
[Site "chess24.com INT"]
[Date "2020.10.01"]
[Round "2"]
[White "Caruana, Fabiano"]
[Black "Tari, Aryan"]
[Result "1/2-1/2"]
[WhiteElo "2828"]
[BlackElo "2633"]
[PlyCount "128"]
[EventDate "2020.10.01"]
[EventType "tourn (blitz)"]
[EventRounds "10"]
[EventCountry "GER"]
[EventCategory "19"]
[SourceTitle "EXT 2021"]
[Source "ChessBase"]
[SourceDate "2020.10.23"]
[SourceVersion "1"]
[SourceVersionDate "2020.10.23"]
[SourceQuality "1"]

1. e4 c6 2. d4 d5 3. e5 Bf5 4. c3 e6 5. Bd3 Ne7 6. f4 h5 7. Nf3 Nd7 8. O-O Bxd3
9. Qxd3 Nf5 10. Nbd2 Be7 11. Rd1 c5 12. Nf1 cxd4 13. Nxd4 Qb6 14. Ne3 Nc5 15.
Qb5+ Qxb5 16. Nxb5 Nxe3 17. Bxe3 O-O 18. f5 a6 19. Nd4 Rfe8 20. Rac1 Rac8 21.
c4 dxc4 22. Rxc4 Ne4 23. Rxc8 Rxc8 24. fxe6 fxe6 25. Nxe6 Rc2 26. Bd4 g5 27.
Re1 Kf7 28. Ng7 Kxg7 29. Rxe4 Kg6 30. Kf1 Kf5 31. Re2 Rc1+ 32. Kf2 Ke6 33. Kf3
Bc5 34. Bc3 Rf1+ 35. Ke4 b5 36. a3 g4 37. Kd3 h4 38. Re4 Kf5 39. e6 Rd1+ 40.
Kc2 Kxe4 41. Kxd1 Kf5 42. h3 gxh3 43. gxh3 Kxe6 44. Ke2 Kd5 45. Kd3 Bd6 46. Bd2
Be5 47. b3 Bb2 48. a4 bxa4 49. bxa4 Bf6 50. Be3 Be5 51. Bf2 Bf6 52. Be1 Be7 53.
Ke3 Kc4 54. Kf4 Kb3 55. a5 Bb4 56. Bxh4 Bxa5 57. Bf6 Bc7+ 58. Kf5 Bg3 59. Kg4
Be1 60. Kf3 a5 61. Ke2 Bg3 62. Kf3 Be1 63. Ke2 Bg3 64. Kf3 Be1 1/2-1/2

[Event "Chess24 October Blitz"]
[Site "chess24.com INT"]
[Date "2020.10.01"]
[Round "3"]
[White "Vidit, Santosh Gujrathi"]
[Black "Caruana, Fabiano"]
[Result "1-0"]
[WhiteElo "2726"]
[BlackElo "2828"]
[PlyCount "107"]
[EventDate "2020.10.01"]
[EventType "tourn (blitz)"]
[EventRounds "10"]
[EventCountry "GER"]
[EventCategory "19"]
[SourceTitle "EXT 2021"]
[Source "ChessBase"]
[SourceDate "2020.10.23"]
[SourceVersion "1"]
[SourceVersionDate "2020.10.23"]
[SourceQuality "1"]

1. d4 Nf6 2. c4 Nc6 3. Nf3 e6 4. g3 d5 5. Bg2 Bb4+ 6. Bd2 Bd6 7. Qc2 O-O 8. O-O
Ne4 9. e3 Be7 10. a3 a5 11. Nc3 Nxc3 12. Bxc3 b6 13. cxd5 exd5 14. Rfc1 Bb7 15.
Qa4 Bd6 16. Ne5 Ne7 17. Qd7 Bxe5 18. Qxd8 Rfxd8 19. dxe5 c5 20. b4 Rd7 21. bxc5
bxc5 22. Rab1 Bc6 23. Rb6 h6 24. Be1 c4 25. Bc3 Ba4 26. e6 fxe6 27. Bh3 Nf5 28.
Rxe6 Rf7 29. Re5 Bd7 30. Rxd5 Be6 31. Re5 Bd7 32. Rd1 g6 33. Red5 Be8 34. e4
Ng7 35. Rxa5 Rxa5 36. Bxa5 Ra7 37. Bb4 Kf7 38. f4 Bc6 39. Rd4 Bb5 40. Kf2 Rc7
41. Rd5 Ba6 42. Rd7+ Rxd7 43. Bxd7 Ne6 44. Ke3 Nc7 45. g4 h5 46. h3 hxg4 47.
hxg4 Ne8 48. f5 Nf6 49. Be6+ Ke8 50. g5 Ng4+ 51. Kf4 Nf2 52. fxg6 Nd3+ 53. Kf5
Nxb4 54. g7 1-0

[Event "Chess24 October Blitz"]
[Site "chess24.com INT"]
[Date "2020.10.01"]
[Round "4"]
[White "Caruana, Fabiano"]
[Black "Anton Guijarro, David"]
[Result "1-0"]
[WhiteElo "2828"]
[BlackElo "2681"]
[PlyCount "133"]
[EventDate "2020.10.01"]
[EventType "tourn (blitz)"]
[EventRounds "10"]
[EventCountry "GER"]
[EventCategory "19"]
[SourceTitle "EXT 2021"]
[Source "ChessBase"]
[SourceDate "2020.10.23"]
[SourceVersion "1"]
[SourceVersionDate "2020.10.23"]
[SourceQuality "1"]

1. e4 e5 2. Nf3 Nc6 3. Bc4 Bc5 4. c3 Nf6 5. d3 d6 6. b4 Bb6 7. a4 a5 8. b5 Ne7
9. h3 Ng6 10. O-O O-O 11. Be3 c6 12. Bxb6 Qxb6 13. Nbd2 d5 14. exd5 cxd5 15.
Bb3 Bf5 16. d4 e4 17. Ne5 Rac8 18. Nxg6 Bxg6 19. Rc1 Rfd8 20. Qe2 Nh5 21. Qe3
f5 22. f4 Nf6 23. c4 Qd6 24. c5 Qe7 25. Rf2 h6 26. Nf1 Kh7 27. Qd2 Bf7 28. Ne3
Be6 29. Bd1 Rg8 30. Be2 Ra8 31. Rcf1 Qd7 32. Qc3 Qe7 33. Bd1 Qd7 34. Bb3 Qe7
35. Qc2 Qd7 36. Qd2 Qe7 37. Kh2 Qd7 38. Qe2 Qe7 39. g3 Qd7 40. Rg2 g6 41. g4
Raf8 42. Kg1 Qc7 43. Qe1 fxg4 44. hxg4 g5 45. f5 Bf7 46. Qg3 Qxg3 47. Rxg3 Re8
48. Rc1 h5 49. Rh3 h4 50. Rh2 Rc8 51. Rhc2 Rc7 52. c6 b6 53. Kh2 Rd8 54. Kh3
Rd6 55. Rc3 Kh6 56. Nc2 Kg7 57. Ba2 Kh6 58. Na1 Rd8 59. Bb3 Kg7 60. Bd1 Ng8 61.
Nb3 Rb8 62. Rb1 Kf6 63. Nxa5 bxa5 64. b6 Rcc8 65. c7 Rb7 66. Be2 Ne7 67. Ba6
1-0

[Event "Chess24 October Blitz"]
[Site "chess24.com INT"]
[Date "2020.10.01"]
[Round "5"]
[White "Svidler, Peter"]
[Black "Caruana, Fabiano"]
[Result "1/2-1/2"]
[WhiteElo "2723"]
[BlackElo "2828"]
[PlyCount "115"]
[EventDate "2020.10.01"]
[EventType "tourn (blitz)"]
[EventRounds "10"]
[EventCountry "GER"]
[EventCategory "19"]
[SourceTitle "EXT 2021"]
[Source "ChessBase"]
[SourceDate "2020.10.23"]
[SourceVersion "1"]
[SourceVersionDate "2020.10.23"]
[SourceQuality "1"]

1. c4 e5 2. g3 Nf6 3. Bg2 c6 4. Nf3 e4 5. Nd4 Bc5 6. Nb3 Bb6 7. d3 d5 8. cxd5
cxd5 9. O-O O-O 10. Nc3 exd3 11. Qxd3 d4 12. Na4 Nc6 13. Nxb6 axb6 14. a3 Re8
15. Bg5 h6 16. Bxf6 Qxf6 17. Rfe1 Bf5 18. Qd2 Rad8 19. Nc1 Be4 20. Nd3 Bxg2 21.
Kxg2 Re4 22. Rac1 Rde8 23. Rc2 Qf5 24. Nb4 Ne5 25. Nd3 Ng4 26. h3 Nf6 27. Qb4
Nd5 28. Qd6 R4e6 29. Qd7 Qe4+ 30. Kg1 Nf6 31. Qc7 g5 32. Rec1 Qf5 33. Kg2 Rxe2
34. Rxe2 Rxe2 35. Qc8+ Qxc8 36. Rxc8+ Kg7 37. Rd8 Re4 38. Rd6 Re2 39. Rxd4 Rd2
40. Kf3 h5 41. Ke3 Rd1 42. Rd6 h4 43. gxh4 gxh4 44. Ke2 Rb1 45. Rxb6 Nh5 46.
Rxb7 Rh1 47. Rb5 Kg6 48. Ne5+ Kg7 49. Nd3 Kh6 50. Kf3 Rxh3+ 51. Kg4 Rxd3 52.
Rxh5+ Kg6 53. Rxh4 Rb3 54. Rh3 Rxb2 55. Rf3 Ra2 56. Kg3 f5 57. Rb3 Kg5 58. f4+
1/2-1/2

[Event "Chess24 October Blitz"]
[Site "chess24.com INT"]
[Date "2020.10.01"]
[Round "6"]
[White "Adhiban, Baskaran"]
[Black "Caruana, Fabiano"]
[Result "1/2-1/2"]
[WhiteElo "2659"]
[BlackElo "2828"]
[PlyCount "139"]
[EventDate "2020.10.01"]
[EventType "tourn (blitz)"]
[EventRounds "10"]
[EventCountry "GER"]
[EventCategory "19"]
[SourceTitle "EXT 2021"]
[Source "ChessBase"]
[SourceDate "2020.10.23"]
[SourceVersion "1"]
[SourceVersionDate "2020.10.23"]
[SourceQuality "1"]

1. c4 e5 2. e3 Nc6 3. Nc3 Nf6 4. a3 d5 5. cxd5 Nxd5 6. Nge2 Nb6 7. b4 Bd6 8.
Ng3 O-O 9. Nge4 Be7 10. g4 Be6 11. d3 Bh4 12. Bb2 Nd7 13. Bg2 a5 14. b5 Ne7 15.
Qc2 Ng6 16. h3 Rc8 17. a4 c6 18. Ba3 cxb5 19. axb5 Be7 20. Bxe7 Qxe7 21. O-O b6
22. d4 Bc4 23. Rfe1 Nh4 24. Bh1 f5 25. gxf5 Rxf5 26. Ng3 Rff8 27. Nce4 Be6 28.
Qb2 Bxh3 29. d5 Bg4 30. d6 Qe6 31. Rac1 Bf3 32. Ng5 Qg4 33. Qb3+ Kh8 34. Nf7+
Rxf7 35. Rxc8+ Rf8 36. Rxf8+ Nxf8 37. Qf7 h6 38. Qxf8+ Kh7 39. d7 Bxh1 40. d8=Q
Nf3+ 41. Kf1 Nh2+ 42. Kg1 Nf3+ 43. Qxf3 Bxf3 44. Qf8 Be4 45. Rc1 h5 46. Rc8 Bd5
47. Qf5+ Qxf5 48. Nxf5 a4 49. Rb8 a3 50. Rxb6 Bc4 51. Ra6 Bxb5 52. Rxa3 Bd7 53.
Ng3 Bg4 54. Nxh5 Bxh5 55. f4 Bg6 56. fxe5 Bf5 57. e6 Bxe6 58. Ra5 Bg8 59. Re5
Kh8 60. Kf2 Bh7 61. Rg5 Bg8 62. Rh5+ Bh7 63. e4 g6 64. Kg3 Kg7 65. Rxh7+ Kg8
66. Kg4 Kxh7 67. Kg5 Kg7 68. e5 Kf7 69. e6+ Kxe6 70. Kxg6 1/2-1/2

[Event "Chess24 October Blitz"]
[Site "chess24.com INT"]
[Date "2020.10.01"]
[Round "7"]
[White "Tari, Aryan"]
[Black "Caruana, Fabiano"]
[Result "1-0"]
[WhiteElo "2633"]
[BlackElo "2828"]
[PlyCount "107"]
[EventDate "2020.10.01"]
[EventType "tourn (blitz)"]
[EventRounds "10"]
[EventCountry "GER"]
[EventCategory "19"]
[SourceTitle "EXT 2021"]
[Source "ChessBase"]
[SourceDate "2020.10.23"]
[SourceVersion "1"]
[SourceVersionDate "2020.10.23"]
[SourceQuality "1"]

1. e4 e5 2. Nf3 Nc6 3. Bb5 a6 4. Ba4 Nf6 5. O-O b5 6. Bb3 Bc5 7. a4 b4 8. d3 d6
9. h3 O-O 10. Bg5 h6 11. Bh4 g5 12. Bg3 Kg7 13. c3 Ba7 14. Re1 bxc3 15. bxc3
Rb8 16. Ba2 Nh5 17. Nxe5 Nxe5 18. Qxh5 Nxd3 19. Rd1 Nc5 20. Nd2 Qf6 21. e5 dxe5
22. Nf3 Qg6 23. Bxe5+ f6 24. Qxg6+ Kxg6 25. Bxc7 Rb2 26. Bb1+ Bf5 27. Bxf5+
Kxf5 28. Nd4+ Kg6 29. Bd6 Re8 30. Nc6 Nb3 31. Rab1 Bxf2+ 32. Kh2 Rxb1 33. Rxb1
Nd2 34. Rd1 Ne4 35. Ne7+ Kf7 36. Nf5 Nxc3 37. Rd3 Ne4 38. Bc7 Kg6 39. g4 h5 40.
Rd7 Rg8 41. Ne7+ Kf7 42. Nxg8+ Kxg8 43. gxh5 f5 44. h6 Nf6 45. Rd6 Nh5 46. Rg6+
Kh7 47. Rxg5 Nf6 48. Rxf5 Ne4 49. Bf4 Bd4 50. Rd5 Nd2 51. Bxd2 Bf6 52. Rd7+ Be7
53. Rxe7+ Kg6 54. h7 1-0

[Event "Chess24 October Blitz"]
[Site "chess24.com INT"]
[Date "2020.10.01"]
[Round "8"]
[White "Caruana, Fabiano"]
[Black "Vidit, Santosh Gujrathi"]
[Result "0-1"]
[WhiteElo "2828"]
[BlackElo "2726"]
[PlyCount "170"]
[EventDate "2020.10.01"]
[EventType "tourn (blitz)"]
[EventRounds "10"]
[EventCountry "GER"]
[EventCategory "19"]
[SourceTitle "EXT 2021"]
[Source "ChessBase"]
[SourceDate "2020.10.23"]
[SourceVersion "1"]
[SourceVersionDate "2020.10.23"]
[SourceQuality "1"]

1. e4 e5 2. Nf3 Nc6 3. Bb5 Nf6 4. d3 Bc5 5. Bxc6 dxc6 6. Nbd2 Be6 7. Qe2 Bd6 8.
Nb3 O-O 9. Na5 Rb8 10. Bd2 Qe8 11. b3 b6 12. Nc4 Bxc4 13. bxc4 Nd7 14. h4 b5
15. cxb5 cxb5 16. h5 Nc5 17. Nh4 Ne6 18. Nf5 Kh8 19. g3 Bc5 20. Bc3 f6 21. Kf1
Qd7 22. Kg2 b4 23. Bb2 a5 24. c3 Rfd8 25. Rad1 Bb6 26. Ba1 c5 27. Qg4 a4 28.
Rd2 Ba5 29. cxb4 cxb4 30. Rb1 b3 31. Rdd1 bxa2 32. Rxb8 Rxb8 33. Qe2 Rb1 34.
Qc2 Rxd1 35. Qxd1 Nc5 36. Qc2 Nxd3 37. Qxa2 Ne1+ 38. Kh2 Nf3+ 39. Kg2 Ng5 40.
Qc2 Bb4 41. Qc4 Bf8 42. Bc3 a3 43. Qa6 Qf7 44. Qa8 Kg8 45. Bb4 Ne6 46. Bxa3
Qxh5 47. Ne7+ Kf7 48. Nd5 Bxa3 49. Qxa3 Ng5 50. Qe7+ Kg6 51. Qe8+ Kh6 52. Qxh5+
Kxh5 53. f3 Kg6 54. Ne3 Kf7 55. g4 Ne6 56. Kf2 Nf4 57. Nf1 Nd3+ 58. Ke3 Nf4 59.
Ng3 Ne6 60. Kf2 Nf4 61. Nf1 Nh3+ 62. Kg3 Ng5 63. Ne3 Ne6 64. g5 Nd4 65. Ng4
Ne2+ 66. Kf2 Nf4 67. gxf6 gxf6 68. Ne3 Ke6 69. Nf5 Nd3+ 70. Ke3 Nf4 71. Ng7+
Kd7 72. Nf5 Ne6 73. Ng3 Nc5 74. Kf2 Nb3 75. Nf1 Nd4 76. Ke3 Nc2+ 77. Kf2 Nd4
78. Kg3 Ne6 79. Nh2 Nf4 80. Ng4 Ke6 81. Nxf6 Ne2+ 82. Kf2 Nf4 83. Ke3 Kxf6 84.
Kf2 Kg5 85. Kg3 h5 0-1

[Event "Chess24 October Blitz"]
[Site "chess24.com INT"]
[Date "2020.10.01"]
[Round "9"]
[White "Anton Guijarro, David"]
[Black "Caruana, Fabiano"]
[Result "1-0"]
[WhiteElo "2681"]
[BlackElo "2828"]
[PlyCount "69"]
[EventDate "2020.10.01"]
[EventType "tourn (blitz)"]
[EventRounds "10"]
[EventCountry "GER"]
[EventCategory "19"]
[SourceTitle "EXT 2021"]
[Source "ChessBase"]
[SourceDate "2020.10.23"]
[SourceVersion "1"]
[SourceVersionDate "2020.10.23"]
[SourceQuality "1"]

1. e4 e6 2. Nf3 d5 3. Nc3 Nf6 4. e5 Nfd7 5. d4 c5 6. Bb5 a6 7. Bxd7+ Bxd7 8.
O-O Nc6 9. Ne2 Qc7 10. c3 h6 11. Re1 Be7 12. Ng3 g6 13. a3 a5 14. dxc5 Bxc5 15.
Be3 Bxe3 16. Rxe3 a4 17. Ne2 Na5 18. Ned4 Nc4 19. Re2 Bc6 20. h3 Qe7 21. Qc1
Bd7 22. Nd2 Rc8 23. Nxc4 Rxc4 24. Qe3 h5 25. g3 Kf8 26. Kg2 Kg7 27. f4 b6 28.
Rh1 Bc8 29. Ree1 Ba6 30. g4 hxg4 31. hxg4 Rcc8 32. f5 gxf5 33. gxf5 Rcg8 34.
Qg3+ Kf8 35. Rxh8 1-0

[Event "Chess24 October Blitz"]
[Site "chess24.com INT"]
[Date "2020.10.01"]
[Round "10"]
[White "Caruana, Fabiano"]
[Black "Svidler, Peter"]
[Result "1/2-1/2"]
[WhiteElo "2828"]
[BlackElo "2723"]
[PlyCount "93"]
[EventDate "2020.10.01"]
[EventType "tourn (blitz)"]
[EventRounds "10"]
[EventCountry "GER"]
[EventCategory "19"]
[SourceTitle "EXT 2021"]
[Source "ChessBase"]
[SourceDate "2020.10.23"]
[SourceVersion "1"]
[SourceVersionDate "2020.10.23"]
[SourceQuality "1"]

1. e4 c5 2. Nf3 d6 3. Bb5+ Nd7 4. c3 a6 5. Ba4 Ngf6 6. Bc2 g6 7. d4 cxd4 8.
cxd4 Bg7 9. Nc3 O-O 10. a4 e5 11. O-O exd4 12. Nxd4 Re8 13. h3 d5 14. exd5 Nb6
15. Bg5 Nbxd5 16. Bb3 Nxc3 17. bxc3 h6 18. Bh4 g5 19. Bg3 Ne4 20. Qh5 Qf6 21.
Rfe1 Bd7 22. Re3 Kh8 23. Rf3 Qg6 24. Qxg6 fxg6 25. Bf7 Rf8 26. Bxg6 Rxf3 27.
Nxf3 Nxg3 28. fxg3 Bxc3 29. Rb1 b5 30. axb5 axb5 31. Bd3 Ra1 32. Rxa1 Bxa1 33.
Nd2 b4 34. Nb3 Be5 35. Kf2 Kg7 36. Kf3 Be6 37. Bc2 Bd5+ 38. Kf2 Kf6 39. g4 Bc3
40. g3 Ke5 41. Ke3 Be1 42. Nc5 Bxg3 43. Nd3+ Kf6 44. Nxb4 Bc4 45. Be4 Bd6 46.
Nd5+ Bxd5 47. Bxd5 1/2-1/2